000 00875nam a2200277Ia 4500
001 dia_3455
003 CHAP
005 20230313124827.0
008 220117s1971 xx 000 0 und d
010 _a173918
020 _a0-87055-086-1
040 _cCHAP
082 _a664.03 H34
100 _aHall, Carl
_9154709
245 _aEncyclopedia of food engineering /
_c Carl W. Hall, A. W. Farrall and A. L. Rippen
260 _aWestport, USA :
_b The avi publishing company, inc.,
_c1971
300 _a755 p.
440 _aEncyclopedia of food technology and food science series
_9154710
503 _aC/E
650 _a1.TecnologĂ­a de alimentos
_9152961
650 _aIngenierĂ­a de los alimentos
_xdiccionario
_9154711
901 _a664.03 H34
902 _aM
905 _a0000001971 -USX 0000000000ENG00
942 _cLIBRO
_2ddc
999 _c173918
_d173918